| 000 | 00747nam a2200241 u 4500 | ||
|---|---|---|---|
| 005 | 20240913063952.0 | ||
| 008 | 151022s1992 es r 000 0 spa d | ||
| 020 | _a843992174X | ||
| 035 | _aUPN01000206270 | ||
| 049 | _aCG | ||
| 050 | 4 |
_aPN1048 _bE2.68a |
|
| 100 | 1 |
_aEco, Umberto, _d1932-2016 _930161 |
|
| 245 | 1 | 0 |
_aObra abierta / _cUmberto Eco ; tr. Roser Berdagué. |
| 260 |
_aBarcelona, Esp. : _bPlaneta-Agostini, _c1992. |
||
| 300 | _a351 p. | ||
| 440 | 0 |
_aObras maestras del pensamiento contemporáneo ; _v6 |
|
| 534 |
_pTraducción de: _aOpera Aperta |
||
| 650 | 4 |
_aPOETICA _91326 |
|
| 650 | 4 |
_aPOESIA MODERNA - _ySIGLO XX - _xHISTORIA Y CRITICA _91303 |
|
| 650 | 4 |
_aARTE - _xFILOSOFIA _92481 |
|
| 905 | _aLibro | ||
| 999 |
_c178371 _d178371 |
||